Stratégie prechodu Číny na nízkouhlíkovú ekonomiku v kontexte plnenia záväzkov Parížskej dohody diplomová práca

Saved in:
Bibliographic Details
Main Author: Vedrödiová, Melinda
Corporate Author: Fakulta medzinárodných vzťahov EU. Katedra medzinárodných ekonomických vzťahov a hospodárskej diplomacie
Other Authors: Černota, Mikuláš, 1979-
Format: Book
Language:Slovak
Published: Bratislava 2018
Tags: Add Tag
No Tags, Be the first to tag this record!

MARC

LEADER 00000nbm a2200000 4500
001 0244439
005 20180808084337.4
041 0 |a slo 
044 |a SK 
245 1 0 |a Stratégie prechodu Číny na nízkouhlíkovú ekonomiku v kontexte plnenia záväzkov Parížskej dohody  |b diplomová práca  |c Melinda Vedrödiová ; školiteľ: Mikuláš Černota 
264 1 |a Bratislava  |c 2018 
300 |a 73 s. 
100 1 |a Vedrödiová, Melinda 
700 1 |a Černota, Mikuláš, 1979- 
710 2 |a Fakulta medzinárodných vzťahov EU. Katedra medzinárodných ekonomických vzťahov a hospodárskej diplomacie